[Event "XXVIII Magistral Elgoibar 2018"]
[Site "Elgoibar"]
[Date "2018.12.14"]
[Round "4"]
[White "Martinez Fernandez, Adrian"]
[Black "Oratovsky, Michael"]
[Result "1/2-1/2"]
[WhiteElo "2212"]
[BlackElo "2464"]
[Annotator "TA"]
[PlyCount "114"]
[EventDate "2018.12.12"]
[EventType "tourn"]
[EventCountry "ESP"]
[SourceTitle "playchess.com"]
[Source "ChessBase"]
[SourceQuality "1"]

{[%evp 21,114,27,29,29,20,14,30,8,26,8,-24,-137,-149,-140,-151,-161,-7,-7,0,0,0,0,0,-131,-128,-162,-82,-90,-79,-69,-76,-116,-61,-197,-197,-240,-181,-187,-25,-31,-32,-34,11,14,27,0,12,-77,-66,-72,-73,-77,0,0,0,0,0,-17,-24,-25,-24,-66,-65,-99,-99,-98,-77,-91,0,-95,0,-83,-69,-98,-104,-96,0,0,0,0,20,13,13,13,13,13,13,13,13,14,14,14,14,15,16]} 1. e4 d6 2. d4 Nf6 3. Nc3 e5 4. Nf3 Nbd7 5. a4 Be7 6. Bc4 O-O 7. O-O c6 8. Re1 exd4 {C41: Philidor Defence} (8... b6 9. h3 a6 10. Ba2 Rb8 11. Be3 b5 12. axb5 axb5 13. b4 Bb7 14. Bb3 exd4 15. Nxd4 d5 16. exd5 Bxb4 17. Bd2 cxd5 18. Ncxb5 Bxd2 19. Qxd2 {½-½ (30) Kryvoruchko,Y (2705)-Laznicka,V (2671) Brest 2018}) 9. Nxd4 Ne5 10. Be2 Re8 11. f4 Ng6 {LiveBook: 5 Games} 12. g3 Bh3 13. Bf3 Qd7 14. a5 Rad8 $146 ({Predecessor:} 14... Rac8 15. Qd3 Bf8 16. Bd2 {1-0 (86) Manakova,M (2315)-Nonkovic,B (1900) Kac 2012}) 15. a6 b5 16. e5 (16. Qe2 $11 {remains equal.}) 16... dxe5 $17 {[%mdl 64] Discovered Attack} 17. Nxc6 Bc5+ 18. Be3 Qxd1 $2 (18... Qc8 $1 $19 19. Nxd8 Bxe3+ 20. Rxe3 Qc5) 19. Nxd1 $11 exf4 20. Nxd8 fxe3 21. Nb7 Bb6 {White must now prevent ...e2+.} 22. b4 (22. Be2 $11) 22... Ne5 $1 $36 {[%cal Re5f3][%mdl 2048] Black has strong initiative.} 23. Be2 {[#]} Ne4 (23... Nd5 $1 $19 {[%cal Rd5b4]} 24. c3 Bd7) 24. Nc5 Nxc5 25. bxc5 Bxc5 26. Rb1 b4 (26... Bd7 $17 27. Nc3 Bc6 28. Nxb5 Nf3+ 29. Bxf3 Bxf3) 27. Rb3 ({White should play} 27. c3 $15) 27... Be6 $19 28. Rb1 Bd5 29. Nb2 Nf3+ $2 ({Better is} 29... g5 $19 30. Rec1 Kg7) 30. Bxf3 $1 $11 Bxf3 {[%csl Gf3][%cal Re3e2]} 31. Nd3 Bd4 {aiming for ...e2+.} 32. Rxb4 Bb6 33. c4 g6 34. c5 (34. Rxb6 $11 axb6 35. a7) 34... Ba5 $17 {[%mdl 64] Skewer} 35. Rb7 $1 Bxe1 ({Don't blunder} 35... Bxb7 $2 36. axb7 Bc7 37. Nb4 $16) 36. Nxe1 {[%mdl 4096] Endgame [#] KRB-KRN} Be4 ({Avoid the trap} 36... Bxb7 $2 37. axb7 Rb8 38. c6 $18) (36... Be2 $1 $17 37. c6 (37. Rxa7 Rc8 $17) 37... Bxa6 38. Rxa7 Bc8) 37. Rxa7 $11 Re6 38. Kf1 Bd5 39. Nc2 Bc4+ 40. Ke1 $1 {And now Ra8+ would win.} Bxa6 41. Ra8+ Kg7 42. Rb8 Bd3 43. Nb4 Bc4 {Strongly threatening ...Rf6.} 44. Nc2 Bd3 45. Nb4 Bc4 46. Nc2 $1 e2 47. Rb4 Bd3 48. Nd4 Rf6 (48... Ra6 $17 {( -> ...Ra1+)} 49. Nxe2 Re6) 49. Kd2 {The position is equal.} Rf2 50. c6 Ba6 51. c7 Rxh2 52. Rb6 Bc8 53. Rb8 Bg4 54. c8=Q Bxc8 55. Rxc8 h5 56. Nxe2 h4 57. gxh4 Rxh4 {Accuracy: White = 42%, Black = 56%.} 1/2-1/2

[Event "XXVIII Magistral Elgoibar 2018"]
[Site "Elgoibar"]
[Date "2018.12.15"]
[Round "5"]
[White "Oratovsky, Michael"]
[Black "Napoli, Nicolo"]
[Result "1/2-1/2"]
[WhiteElo "2464"]
[BlackElo "2289"]
[Annotator "TA"]
[PlyCount "33"]
[EventDate "2018.12.12"]
[EventType "tourn"]
[EventCountry "ESP"]
[SourceTitle "playchess.com"]
[Source "ChessBase"]
[SourceQuality "1"]

{[%evp 22,24,42,38,25]} 1. e4 e6 2. d4 d5 3. Nd2 Nc6 4. Ngf3 Nf6 5. e5 Nd7 6. Bd3 f6 7. exf6 Qxf6 8. Nf1 {C04: French Tarrasch: 3...Nc6} e5 9. Ne3 Nxd4 10. Nxd4 exd4 11. Nxd5 Qe5+ 12. Qe2 {[#] LiveBook: 3 Games. aiming for Be4.} Kd8 {Predecessor:} 13. Be4 $146 Nc5 14. f3 Bg4 15. O-O Nxe4 16. Qxe4 Qxe4 17. fxe4 {0-1 (26) Sjugirov,S (2673)-Matsenko,S (2482) Khanty-Mansiysk 2014} 1/2-1/2

[Event "XXVIII Magistral Elgoibar 2018"]
[Site "Elgoibar"]
[Date "2018.12.15"]
[Round "5"]
[White "Starostits, Ilmars"]
[Black "Huerga Leache, Mikel"]
[Result "1/2-1/2"]
[WhiteElo "2458"]
[BlackElo "2448"]
[Annotator "TA"]
[PlyCount "69"]
[EventDate "2018.12.12"]
[EventType "tourn"]
[EventCountry "ESP"]
[SourceTitle "playchess.com"]
[Source "ChessBase"]
[SourceQuality "1"]

{[%evp 20,69,31,43,118,30,42,30,30,30,30,30,30,30,37,39,44,22,24,14,48,11,51,21,27,12,58,33,53,30,62,52,50,0,0,0,0,0,6,0,0,0,23,23,23,23,23,24,33,0,0,0]} 1. e4 e6 2. d4 d5 3. Nc3 Bb4 4. e5 c5 5. a3 Ba5 6. b4 cxd4 7. Nb5 Bc7 8. f4 Bd7 9. Nf3 Nh6 10. Nxc7+ Qxc7 11. Bd3 {LiveBook: 32 Games. C18: French: 3 Nc3 Bb4: Main line: 7 h4 and 7 Qg4} O-O {[#]} (11... Nf5 $14) 12. Bb2 ({White should play} 12. Ng5 $1 $16) 12... Nc6 $11 13. Nxd4 $146 {White is slightly better.} ({Predecessor:} 13. O-O Nf5 14. Bxf5 exf5 15. Bxd4 Nxd4 16. Nxd4 a5 17. Qd3 Rfc8 18. Rfd1 Qc4 19. Rab1 b5 20. Qxc4 Rxc4 21. bxa5 Rxa5 22. Rb3 h6 23. g3 Kh7 24. Kf2 g5 {½-½ (24) Weissleder,W (2477)-Schwenteck,C (2272) GER email 2007}) 13... Nxd4 14. Bxd4 Nf5 15. Bxf5 exf5 16. a4 Qc4 17. c3 Be6 18. h4 {[%cal Bh2h4,Bh4h5][%mdl 32]} Rfe8 19. Rh3 Kh8 {[%cal Bg8h8,Bh8h7,Bh7g7,Bg7f8,Bf8e8][%mdl 32]} 20. Kf2 Rg8 21. h5 h6 22. Qd2 Kh7 23. Qc2 Rac8 24. Ke3 g5 25. hxg6+ $1 Rxg6 26. g4 Rxg4 ({Not} 26... fxg4 $2 27. Rh4 $18) 27. Qh2 Kg7 28. Rxh6 Rg8 29. Rh1 Kf8 30. Rh8 Ke8 31. Rxg8+ Rxg8 32. Rg1 Rxg1 33. Qxg1 {Strongly threatening Qg8+.} Kd7 34. Qg8 {[#] Hoping for Qa8.} Qf1 35. Qb8 {Accuracy: White = 38%, Black = 46%.} 1/2-1/2

[Event "XXVIII Magistral Elgoibar 2018"]
[Site "Elgoibar"]
[Date "2018.12.15"]
[Round "5"]
[White "Moreno Ruiz, Javier"]
[Black "Velten, Paul"]
[Result "1/2-1/2"]
[WhiteElo "2450"]
[BlackElo "2485"]
[Annotator "TA"]
[PlyCount "35"]
[EventDate "2018.12.12"]
[EventType "tourn"]
[EventCountry "ESP"]
[SourceTitle "playchess.com"]
[Source "ChessBase"]
[SourceQuality "1"]

{[%evp 23,35,7,14,19,21,0,0,0,0,0,0,-5,0,-7]} 1. d4 Nf6 2. c4 e6 3. Nc3 Bb4 4. e3 O-O 5. Nge2 Re8 6. a3 Bf8 7. Ng3 d5 8. Be2 {E46: Nimzo-Indian: Rubinstein: 4 e3 0-0 5 Ne2 without early Bd3} Nbd7 {[%cal Bb8d7,Bd7b6,Bb6d5][%mdl 32]} (8... b6 9. cxd5 exd5 10. O-O Bb7 11. b4 Nbd7 12. Qb3 c6 13. Bf3 a5 14. b5 c5 15. Nxd5 a4 {½-½ (53) Shankland,S (2671)-Ding,L (2778) Liaocheng 2018}) 9. O-O dxc4 10. Bxc4 c5 11. dxc5 Bxc5 12. b4 Be7 {LiveBook: 5 Games. The position is equal.} 13. Bb2 Nb6 14. Be2 $146 ({Predecessor:} 14. Bb3 Qxd1 15. Rfxd1 Bd7 16. Nce4 Nxe4 17. Nxe4 Ba4 18. Bxa4 Nxa4 {½-½ (18) Rahul,S (2295)-Noe,C (2451) Warsaw 2017}) 14... Qxd1 15. Rfxd1 Bd7 16. Nb5 {Strongly threatening Nc7.} Red8 17. Bd4 Nbd5 18. Rdc1 1/2-1/2

[Event "XXVIII Magistral Elgoibar 2018"]
[Site "Elgoibar"]
[Date "2018.12.15"]
[Round "5"]
[White "Ambartsumova, Karina"]
[Black "Martinez Fernandez, Adrian"]
[Result "1-0"]
[WhiteElo "2383"]
[BlackElo "2212"]
[Annotator "NA"]
[PlyCount "148"]
[EventDate "2018.12.12"]
[EventType "tourn"]
[EventCountry "ESP"]
[SourceTitle "playchess.com"]
[Source "ChessBase"]
[SourceQuality "1"]
[TimeControl "5400+30"]

1. c4 {[%emt 1:30:30]} Nf6 2. Nc3 e6 3. e4 d5 4. e5 d4 5. exf6 dxc3 6. bxc3 Qxf6 7. Nf3 b6 8. d4 h6 {[%emt 1:34:00]} 9. Ne5 {[%emt 0:04:00]} Bb7 {[%emt 0:00:30]} 10. Qa4+ {[%emt 0:00:30]} c6 {[%emt 0:00:30]} 11. g3 {[%emt 0:00:30]} Bd6 {[%emt 0:00:30]} 12. f4 {[%emt 0:00:30]} O-O {[%emt 0:00:30]} 13. Bg2 {[%emt 0:00:30]} Bxe5 {[%emt 0:00:30]} 14. fxe5 {[%emt 0:00:30]} Qe7 {[%emt 0:00:30]} 15. O-O {[%emt 0:00:30]} c5 {[%emt 0:00:30]} 16. d5 {[%emt 0:00:30]} exd5 {[%emt 0:00:30]} 17. cxd5 {[%emt 0:00:30]} Qxe5 {[%emt 0:00:30]} 18. Bf4 {[%emt 0:00:30]} Qxc3 {[%emt 0:00:30]} 19. Rae1 {[%emt 0:00:30]} b5 {[%emt 0:00:30]} 20. Qd1 {[%emt 0:00:30]} Nd7 {[%emt 0:00:30]} 21. Re7 {[%emt 0:00:30]} Bc8 {[%emt 0:00:30]} 22. d6 {[%emt 0:00:30]} Rb8 {[%emt 0:00:30]} 23. Bc6 {[%emt 0:00:30]} Nf6 {[%emt 0:00:30]} 24. d7 {[%emt 0:00:30]} Bxd7 {[%emt 0:00:30]} 25. Bxd7 {[%emt 0:00:30]} Rbd8 {[%emt 0:00:30]} 26. Bc7 Rxd7 27. Rxd7 Qe3+ 28. Rf2 {[%emt 0:01:30]} Nxd7 {[%emt 0:01:30]} 29. Qxd7 {[%emt 0:00:30]} Qe1+ {[%emt 0:00:30]} 30. Kg2 {[%emt 0:00:30]} Qe4+ 31. Kh3 {[%emt 0:00:30]} Qb7 {[%emt 0:01:00]} 32. Qe7 {[%emt 0:00:30]} c4 {[%emt 0:00:30]} 33. Bd6 {[%emt 0:00:30]} Qxe7 {[%emt 0:00:30]} 34. Bxe7 {[%emt 0:00:30]} Rc8 35. Bb4 {[%emt 0:00:30]} g6 {[%emt 0:01:00]} 36. Kg2 {[%emt 0:00:30]} f5 {[%emt 0:00:30]} 37. Kf3 {[%emt 0:00:30]} Kf7 {[%emt 0:00:30]} 38. Re2 {[%emt 0:00:30]} Rc7 {[%emt 0:00:30]} 39. Ke3 {[%emt 0:00:30]} Rd7 {[%emt 0:00:30]} 40. Rd2 {[%emt 0:00:30]} Rxd2 {[%emt 0:00:30]} 41. Bxd2 {[%emt 0:00:30]} Ke6 {[%emt 0:00:30]} 42. Kd4 {[%emt 0:00:30]} g5 {[%emt 0:00:30]} 43. Bc3 {[%emt 0:00:30]} a6 {[%emt 0:00:30]} 44. Bd2 {[%emt 0:00:30]} Kd6 {[%emt 0:00:30]} 45. Bb4+ {[%emt 0:00:30]} Ke6 {[%emt 0:00:30]} 46. Bf8 {[%emt 0:00:30]} h5 {[%emt 0:00:30]} 47. Bh6 {[%emt 0:00:30]} Kf6 {[%emt 0:00:30]} 48. h4 {[%emt 0:00:30]} gxh4 {[%emt 0:00:30]} 49. gxh4 {[%emt 0:00:30]} Ke6 {[%emt 0:00:30]} 50. Bf4 {[%emt 0:00:30]} Ke7 {[%emt 0:00:30]} 51. Kd5 {[%emt 0:00:30]} Kd7 {[%emt 0:00:30]} 52. Bd2 {[%emt 0:00:30]} Kc7 {[%emt 0:00:30]} 53. Ke5 {[%emt 0:00:30]} Kc6 {[%emt 0:00:30]} 54. Bb4 {[%emt 0:00:30]} Kb6 {[%emt 0:00:30]} 55. Kxf5 {[%emt 0:00:30]} a5 56. Be1 {[%emt 0:00:30]} b4 {[%emt 0:01:00]} 57. Ke5 {[%emt 0:00:30]} b3 {[%emt 0:00:30]} 58. Bc3 {[%emt 0:00:30]} bxa2 {[%emt 0:00:30]} 59. Kd5 {[%emt 0:00:30]} Kb5 {[%emt 0:00:30]} 60. Kd4 {[%emt 0:00:30]} a4 {[%emt 0:00:30]} 61. Ke3 {[%emt 0:00:30]} a1=Q {[%emt 0:00:30]} 62. Bxa1 {[%emt 0:00:30]} Kb4 63. Kd2 {[%emt 0:00:30]} Kb3 {[%emt 0:01:00]} 64. Bf6 {[%emt 0:00:30]} a3 {[%emt 0:00:30]} 65. Bg7 {[%emt 0:00:30]} a2 {[%emt 0:00:30]} 66. Bf6 {[%emt 0:00:30]} Ka3 {[%emt 0:00:30]} 67. Kc2 {[%emt 0:00:30]} Kb4 {[%emt 0:00:30]} 68. Kb2 {[%emt 0:00:30]} a1=Q+ {[%emt 0:00:30]} 69. Kxa1 {[%emt 0:00:30]} c3 {[%emt 0:00:30]} 70. Kb1 {[%emt 0:00:30]} Kb3 {[%emt 0:00:30]} 71. Kc1 {[%emt 0:00:30]} Kc4 {[%emt 0:00:30]} 72. Kc2 {[%emt 0:00:30]} Kd5 {[%emt 0:00:30]} 73. Kxc3 {[%emt 0:00:30]} Ke4 {[%emt 0:00:30]} 74. Bg5 {[%emt 0:00:30]} Kd5 {[%emt 0:00:30]} 1-0

[Event "XXVIII Magistral Elgoibar 2018"]
[Site "Elgoibar"]
[Date "2018.12.16"]
[Round "6"]
[White "Starostits, Ilmars"]
[Black "Strikovic, Aleksa"]
[Result "1/2-1/2"]
[WhiteElo "2458"]
[BlackElo "2488"]
[Annotator "TA"]
[PlyCount "32"]
[EventDate "2018.12.12"]
[EventType "tourn"]
[EventCountry "ESP"]
[SourceTitle "playchess.com"]
[Source "ChessBase"]
[SourceQuality "1"]

{[%evp 19,32,0,0,0,0,-4,0,-6,5,-10,11,-35,0,0,0]} 1. d4 Nf6 2. Nf3 e6 3. e3 Be7 4. Bd3 d5 5. O-O O-O 6. Nbd2 b6 7. b3 Bb7 8. Bb2 Nbd7 9. Ne5 Ne4 {D05: Colle System with ...e6} (9... c5 10. Qe2 Qc7 11. f4 Ne4 12. Nxd7 Qxd7 13. Nxe4 dxe4 14. Bc4 Bf6 15. Rad1 Qc8 16. g4 a6 17. a4 cxd4 18. Bxd4 Bxd4 19. Rxd4 {½-½ (54) Koneru,H (2614)-Kosintseva,T (2557) Rostov on Don 2011}) 10. Nxd7 Qxd7 {LiveBook: 4 Games} 11. f3 Nxd2 12. Qxd2 f5 13. f4 c5 $146 ({Predecessor:} 13... Qe8 14. Qe2 Rf6 15. Rf3 Rh6 16. a4 {½-½ (16) Adamik,B (1947)-Huliak,P (1973) Slovakia 2016}) 14. Rad1 Rac8 15. c4 Rfd8 16. Qe2 Qe8 1/2-1/2

[Event "XXVIII Magistral Elgoibar 2018"]
[Site "Elgoibar"]
[Date "2018.12.16"]
[Round "6"]
[White "Suarez Garcia, Carlos"]
[Black "Oratovsky, Michael"]
[Result "1/2-1/2"]
[WhiteElo "2449"]
[BlackElo "2464"]
[Annotator "TA"]
[PlyCount "21"]
[EventDate "2018.12.12"]
[EventType "tourn"]
[EventCountry "ESP"]
[SourceTitle "playchess.com"]
[Source "ChessBase"]
[SourceQuality "1"]

{[%evp 16,21,18,-8,0,0,16,-3]} 1. d4 d6 2. Nf3 Nf6 3. c4 g6 4. Nc3 Nbd7 5. e3 Bg7 6. Be2 O-O 7. O-O e5 8. b4 Re8 9. b5 {LiveBook: 4 Games. The position is equal. E61: King's Indian: Early deviations for White, including Smyslov System} (9. Qc2 Qe7 10. Bb2 e4 11. Nd2 h5 12. Rac1 h4 13. Rfd1 h3 14. g3 c6 15. Nb3 a6 16. d5 cxd5 17. Nxd5 Nxd5 18. Rxd5 Bxb2 19. Qxb2 {0-1 (41) Lalith,B (2537)-Yu,Y (2724) Caleta 2015}) 9... exd4 10. exd4 Nf8 11. a4 $146 ({Predecessor:} 11. h3 Bf5 12. Be3 h5 13. a4 Qd7 14. Kh2 N8h7 15. Qc1 Ne4 16. Nh4 Nxc3 17. Qxc3 Be4 18. Rae1 Qd8 19. g3 b6 20. Qb3 Qf6 21. Bd1 {½-½ (21) Jaracz,P (2511)-Balcerak,J (2413) Biel 2000}) 1/2-1/2

[Event "XXVIII Magistral Elgoibar 2018"]
[Site "Elgoibar"]
[Date "2018.12.16"]
[Round "6"]
[White "Huerga Leache, Mikel"]
[Black "Velten, Paul"]
[Result "0-1"]
[WhiteElo "2448"]
[BlackElo "2485"]
[Annotator "TA"]
[PlyCount "104"]
[EventDate "2018.12.12"]
[EventType "tourn"]
[EventCountry "ESP"]
[SourceTitle "playchess.com"]
[Source "ChessBase"]
[SourceQuality "1"]

{[%evp 12,104,23,23,41,0,12,-8,-14,-20,22,31,59,-34,-34,-31,-31,-39,-43,-52,-50,-45,-47,-44,-46,-44,-38,-51,-44,-58,-43,-139,-142,-140,-142,-133,-132,-131,-129,-189,-179,-203,-203,-199,-183,-183,-183,-187,-187,-188,-187,-208,-172,-190,-192,-197,-183,-202,-214,-204,-182,-222,-186,-187,-168,-193,-175,-172,-190,-239,-241,-229,-241,-242,-228,-202,-126,-213,-213,-378,-306,-563,-481,-466,-446,-832,-746,-977,-374,-992,-227,-366,-359,-5445,-4435]} 1. e4 e5 2. Bc4 Nf6 3. d3 c6 4. Nf3 d5 5. Bb3 Bb4+ 6. Bd2 {C24: Bishop's Opening: 2...Nf6} Bxd2+ 7. Qxd2 {LiveBook: 46 Games} (7. Nbxd2 a5 8. a3 Nbd7 9. O-O a4 10. Ba2 O-O 11. Re1 Re8 12. d4 exd4 13. exd5 Rxe1+ 14. Qxe1 cxd5 15. Rb1 {0-1 (64) Aronian,L (2764)-Caruana,F (2816) Paris 2018}) 7... Qe7 $146 ({Predecessor:} 7... Qc7 8. Qg5 O-O 9. Qxe5 Qxe5 10. Nxe5 dxe4 11. dxe4 Nxe4 12. Nd2 Nxd2 13. Kxd2 {½-½ (30) Ponomariov,R (2686)-Meier,G (2638) Linares 2018}) 8. Nc3 {[%cal Re4d5] White is slightly better.} dxe4 9. Nxe4 (9. dxe4 {with more complications.} Bg4 10. O-O-O Nbd7 11. Nh4 O-O-O 12. f3) 9... Nxe4 10. dxe4 O-O 11. O-O-O Bg4 12. h3 ({White should play} 12. Qd6 $1 $14 Qxd6 13. Rxd6) 12... Bxf3 $1 $15 13. gxf3 Na6 14. Rhg1 {Threatening mate with Qh6.} Rad8 15. Qh6 {[%csl Gg1][%cal Rh6g7]} Rxd1+ 16. Kxd1 {[%csl Gg1][%cal Rh6g7]} Rd8+ 17. Kc1 {[%csl Gg1][%cal Rh6g7]} g6 18. f4 $1 exf4 19. Qxf4 Nc5 20. h4 Nxe4 (20... Nxb3+ {looks sharper.} 21. axb3 Qd6 22. Qg5 f6 23. Qh6 Qe5) 21. Re1 {[#]} (21. h5 $1 $15) 21... Nc3 $1 $17 {[%cal Re7e1][%mdl 512]} 22. Qxf7+ (22. bxc3 Qxe1+) 22... Qxf7 23. Bxf7+ Kxf7 24. bxc3 {[%mdl 4096] Endgame KR-KR} Rd5 25. Kb2 (25. Re4 $17) 25... Rb5+ 26. Ka3 Rf5 27. Rd1 {Rd7+ would now be nice for White.} Ke7 ({Not} 27... Rxf2 28. Rd7+ Ke6 29. Rxh7 $15) 28. Re1+ Kd7 29. Rd1+ Kc7 30. Re1 Kd6 (30... Rxf2 31. Re7+ Kb6 32. Rxh7 $17) 31. Rd1+ Rd5 32. Rf1 Rh5 33. Rh1 Ke5 34. Re1+ Kf6 35. Re4 Rf5 36. Rd4 Ke6 (36... Rxf2 37. Rd7 $17) 37. Re4+ Kd7 38. Rd4+ Kc8 39. Re4 Rxf2 40. Re7 {[#]} h5 $1 (40... Rxc2 41. Kb3 $17) 41. Kb3 Rf4 42. Rg7 Rg4 ({Don't take} 42... Rxh4 43. Rxg6 Kc7 44. c4) 43. c4 b6 {[%cal Bb7b6,Bb6c5][%mdl 32]} ({But not} 43... Rxh4 44. Rxg6 Rh1 45. Kb4 $17) 44. c5 (44. a4 $17) 44... bxc5 $19 45. Rxa7 $2 (45. a4) 45... Rxh4 46. Rg7 $2 (46. c3) 46... Rb4+ 47. Kc3 Rg4 48. a4 (48. Kb3 $142 h4 49. Rh7) 48... h4 {[%cal Bh5h4,Bh4h3][%mdl 32]} 49. a5 Kb8 $2 (49... Rg5 50. a6 Kb8 51. Rb7+ Ka8) 50. a6 $2 (50. Rh7) 50... g5 $2 (50... Rg3+ 51. Kc4 Rg5 52. Rb7+ Ka8) 51. Rh7 (51. Rb7+ {only move.} Ka8 52. Rh7) 51... Ra4 52. Rh5 $2 {[#]} (52. Kb3 Rxa6 53. Rh5) 52... h3 $1 {Accuracy: White = 39%, Black = 63%.} 0-1

[Event "XXVIII Magistral Elgoibar 2018"]
[Site "Elgoibar"]
[Date "2018.12.16"]
[Round "6"]
[White "Martinez Fernandez, Adrian"]
[Black "Moreno Ruiz, Javier"]
[Result "0-1"]
[WhiteElo "2212"]
[BlackElo "2450"]
[Annotator "TA"]
[PlyCount "158"]
[EventDate "2018.12.12"]
[EventType "tourn"]
[EventCountry "ESP"]
[SourceTitle "playchess.com"]
[Source "ChessBase"]
[SourceQuality "1"]

{[%evp 20,158,-1,1,18,8,58,-12,-13,-10,0,0,0,-49,-21,-12,-18,-30,38,29,73,69,82,88,84,24,77,23,15,0,0,0,0,0,0,0,20,9,21,0,0,-16,0,-18,-18,-21,-20,-46,-45,-41,-45,-45,-25,-35,0,-45,-45,-46,-46,-46,-46,-46,-46,-46,-35,-46,-46,-46,-46,-66,-56,-72,-68,-128,-105,-142,-142,-142,-137,-131,-65,-76,-64,-135,-155,-967,-184,-170,-175,-309,-308,-300,-290,-353,-341,-356,-356,-424,-331,-1381,-579,-1389,-1352,-1254,-1238,-6927,-6733,-5695,-5406,-29976,-29977,-29979,-29980,-29979,-29979,-6187,-2102,-6195,-3171,-29984,-29985,-29986,-29987,-29987,-29988,-29988,-29988,-29991,-29989,-29993,-29990,-29991,-29987,-29992,-29993,-29995,-29996,-29996,-29997,-29997,-29998]} 1. e4 c5 2. Nf3 Nc6 3. d4 cxd4 4. Nxd4 g6 5. c4 Bg7 6. Be3 Nf6 7. Nc3 Ng4 8. Qxg4 Nxd4 9. Qd1 Ne6 10. Be2 Bxc3+ 11. bxc3 {LiveBook: 8 Games} d6 {B39: Sicilian: Maroczy Bind with 5...Bg7 and 7...Ng4} (11... Qa5 12. O-O Qxc3 13. Rc1 Qe5 14. Bd3 Qa5 15. f4 d6 16. Bb1 Bd7 17. f5 Nc5 18. f6 Ba4 19. Qd4 Ne6 20. Qd5 {1-0 (56) Percivaldi,M (2361)-Christiansen,J (2404) Prague 2016}) 12. O-O Qa5 13. Qc2 (13. Qd5 $14 Qa4 14. e5) 13... Bd7 $11 {The position is equal.} 14. f4 Bc6 15. Bd4 $146 ({Predecessor:} 15. Bf3 Nc5 16. Bd4 f6 17. e5 dxe5 18. fxe5 f5 19. e6 Rg8 20. Bxc6+ bxc6 21. Rfe1 Qa4 22. Qxa4 Nxa4 23. Rab1 c5 24. Be5 g5 25. Rb5 Rg6 26. Bc7 Rc8 {½-½ (26) Kubala,J (2268)-Certek,P (2247) Slovakia 2006}) 15... f6 16. h4 Rg8 17. Bg4 Nc5 18. Rae1 Qa4 (18... Rf8 $11) 19. Qxa4 $14 Bxa4 {[#]} 20. e5 $1 {[%cal Re5d6]} f5 $1 21. exd6 Ne4 22. c5 (22. dxe7 $16 Kxe7 23. h5) 22... Bc6 (22... exd6 $11 23. cxd6 Bb5) 23. Bf3 ({White should play} 23. Bd1 $16) 23... exd6 $11 24. Bxe4 Bxe4 25. cxd6 Kd7 26. Be5 Rac8 27. Rf2 Rc5 28. Rb2 {Rxe4! is the strong threat.} b6 29. Rd1 h6 30. g3 Rgc8 31. Rdd2 h5 32. Kf2 Ra5 33. Ke2 Rcc5 {[%mdl 1024] Black has compensation.} 34. Kd1 Ra3 35. Rb3 Ra4 36. Rb4 Ra3 37. Rb3 Ra6 38. Rbb2 Rca5 39. Kc1 Ra3 40. Bf6 R6a5 41. Be5 Rc5 42. Rb3 Ra4 43. Rbb2 Rca5 44. Bf6 Bd5 {[%cal Rd5a2]} 45. Kb1 Re4 46. Re2 ({Better is} 46. Rd1 $15) 46... Kxd6 47. Bd4 Bc4 48. Red2 {and if Bxb6+ works, White does fine.} Re1+ 49. Kc2 {aiming for Bf2+.} Kc6 (49... Ke6 $17 50. Be5 Bxa2 51. Rd6+ Ke7) 50. Be5 $1 $15 Rd5 51. Rb4 (51. Bd4 $15) 51... Bxa2 $17 52. c4 $2 {[#]} (52. Bd4 $17) 52... Rxd2+ $2 (52... Bb1+ $1 {[%mdl 512]} 53. Rxb1 Rxd2+ 54. Kc3 Rxb1 55. Kxd2 Rg1) 53. Kxd2 $19 {[%mdl 4096] Endgame KRB-KRB} Rg1 54. Ra4 (54. Bd4 $142 Rxg3 55. Be3) 54... a5 ({Resist} 54... Rxg3 55. Rxa7 Bxc4 56. Rc7+ Kd5 57. Rd7+ Kc5 58. Bf6 $17) 55. Ke3 Bb3 ({Much less strong is} 55... Rxg3+ 56. Kf2 $19) 56. Ra3 Bxc4 57. Kd4 Kb5 58. Bc7 Re1 59. Rf3 $2 (59. Re3 Rd1+ 60. Kc3) 59... Re4+ 60. Kc3 Be2 61. Rf2 Rc4+ 62. Kb2 Rxc7 63. Rxe2 {KR-KR} a4 {[%cal Ba5a4,Ba4a3][%mdl 32]} 64. Re6 Rc6 65. Re5+ Kb4 66. Rd5 a3+ 67. Ka2 Rc2+ (67... b5 $142 68. Rd4+ Rc4) 68. Kb1 Rc3 69. Rd6 b5 {[%cal Bb6b5,Bb5b4,Bb4b3][%mdl 32] Black mates.} 70. Rb6 Rxg3 71. Rd6 Rg2 72. Re6 Ka4 73. Rd6 b4 74. Rd4 Kb3 75. Rd1 Kc3 76. Re1 b3 77. Re3+ Kb4 78. Re1 a2+ 79. Ka1 Ka3 {Accuracy: White = 36%, Black = 65%.} 0-1

[Event "XXVIII Magistral Elgoibar 2018"]
[Site "Elgoibar"]
[Date "2018.12.16"]
[Round "7"]
[White "Strikovic, Aleksa"]
[Black "Huerga Leache, Mikel"]
[Result "1/2-1/2"]
[WhiteElo "2488"]
[BlackElo "2448"]
[Annotator "TA"]
[PlyCount "30"]
[EventDate "2018.12.12"]
[EventType "tourn"]
[EventCountry "ESP"]
[SourceTitle "playchess.com"]
[Source "ChessBase"]
[SourceQuality "1"]

{[%evp 17,30,19,21,11,32,18,44,8,8,8,7,5,8,6,6]} 1. Nf3 d5 2. g3 c6 3. Bg2 Nf6 4. d3 Bg4 5. Nbd2 Nbd7 6. h3 Bxf3 7. Nxf3 e6 {A07: Réti Opening: New York and Capablanca Systems} 8. O-O Be7 9. c4 O-O {LiveBook: 3 Games} 10. b3 Re8 11. Bb2 Bf8 12. Ne5 $146 ({Predecessor:} 12. Qc2 e5 13. e3 Bd6 14. e4 dxe4 15. dxe4 Qe7 16. Rad1 Ba3 17. Ba1 Rad8 {0-1 (28) Sadler,M (2667)-Renet,O (2500) France 1999}) 12... Nxe5 {The position is equal.} 13. Bxe5 Bd6 14. Bb2 Qe7 15. e3 Ba3 1/2-1/2